Kazakhstan Country Quiz - Statistics

General Stats
  • This quiz has been taken 95 times
  • The average score is 7 of 15
Answer Stats
Hint Answer % Correct
Capital city Astana
99%
Official language Kazakh
86%
Capital prior to 1918 Almaty
81%
Biggest religion Islam
76%
Lake which has partly shrinked Aral Sea
62%
First and only president Nursultan Nazarbayev
49%
Largest spaceport in the world Baikonur
42%
Third biggest city Shymkent
41%
Largest ethnic minority Russians
40%
Currency Tenge
36%
Name of mountain range of that peak Tian Shan
26%
Largest Kazakh port on Caspian Sea Aktau
25%
Highest mountain Khan Tengri
18%
Name of the first Kazakh state Kazakh Khanate
12%
Most popular Kazakh cycling team Astana Pro Team
4%
No matching quizzes found
Score Distribution
Percent of People with Each Score
Percentile by Number Answered
Your Score History
You have not taken this quiz